| 000 | 01263nam a2200337 a 4500 | ||
|---|---|---|---|
| 001 | 000015685 | ||
| 003 | DO-SdBPM | ||
| 005 | 20260217091948.0 | ||
| 007 | ta | ||
| 008 | 100217s1970 dr 001 0 spa d | ||
| 040 |
_aDO-SdBPM _bspa _cBPMSU _drda |
||
| 082 | 4 |
_a 378.097293 378.007 _bR696c 1970 _222 |
|
| 100 | 1 |
_aRodríguez Demorizi, Emilio, _d1908-1986 _eautor _4aut. |
|
| 245 | 1 | 0 |
_aCronología de la Real y Pontificia Universidad de Santo Domingo 1538-1970 / _cEmilio Rodríguez Demorizi. |
| 250 | _a2a ed. | ||
| 264 |
_aSanto Domingo : _bEditora del Caribe, _c1970. |
||
| 300 |
_a109 páginas ; _c23 cm. |
||
| 336 |
_atexto _btxt _2rdacontent |
||
| 337 |
_asin mediación _bn _2rdamedia |
||
| 338 |
_avolumen _bnc _2rdacarrier |
||
| 490 | 0 |
_aUniversidad Autónoma de Santo Domingo ; _aHistoria y sociedad, _v144 |
|
| 500 | _aIncluye índice | ||
| 504 | _aIncluye referencias bibliográficas y notas al pie de las páginas | ||
| 504 | _aIncluye bibliografías (páginas 95- 100) | ||
| 590 | _aInventariado, 2026/VM | ||
| 610 | 2 | 7 |
_a Universidad Autónoma de Santo Domingo _xHistoria. _y1538-1970 |
| 650 | 7 |
_aUniversidades _zRepública Dominicana |
|
| 650 | 7 | _aEducación superior | |
| 910 | _aVMateo V. Control de calidad. BPMSU | ||
| 942 |
_2ddc _cBK |
||
| 999 |
_c15702 _d15702 |
||